<?xml version="1.0" encoding="UTF-8"?><?xml-stylesheet type="text/xsl" href="static/style.xsl"?><OAI-PMH xmlns="http://www.openarchives.org/OAI/2.0/" xmlns:xsi="http://www.w3.org/2001/XMLSchema-instance" xsi:schemaLocation="http://www.openarchives.org/OAI/2.0/ http://www.openarchives.org/OAI/2.0/OAI-PMH.xsd"><responseDate>2026-04-17T14:09:13Z</responseDate><request verb="GetRecord" identifier="oai:www.recercat.cat:2099.1/14722" metadataPrefix="marc">https://recercat.cat/oai/request</request><GetRecord><record><header><identifier>oai:recercat.cat:2099.1/14722</identifier><datestamp>2025-07-22T14:52:08Z</datestamp><setSpec>com_2072_1033</setSpec><setSpec>col_2072_452951</setSpec></header><metadata><record xmlns="http://www.loc.gov/MARC21/slim" xmlns:dcterms="http://purl.org/dc/terms/" xmlns:xsi="http://www.w3.org/2001/XMLSchema-instance" xmlns:doc="http://www.lyncode.com/xoai" xsi:schemaLocation="http://www.loc.gov/MARC21/slim http://www.loc.gov/standards/marcxml/schema/MARC21slim.xsd">
   <leader>00925njm 22002777a 4500</leader>
   <datafield ind2=" " ind1=" " tag="042">
      <subfield code="a">dc</subfield>
   </datafield>
   <datafield ind2=" " ind1=" " tag="720">
      <subfield code="a">Jordà Garcia, Daniel</subfield>
      <subfield code="e">author</subfield>
   </datafield>
   <datafield ind2=" " ind1=" " tag="260">
      <subfield code="c">2011-06</subfield>
   </datafield>
   <datafield ind2=" " ind1=" " tag="520">
      <subfield code="a">L’objecte del present projecte és dissenyar les instal·lacions de la reforma i ampliació de&#xd;
l’Hospital Psicogeriàtric de Mallorca amb una superfície útil total de 3396 m2.&#xd;
El projecte es composa del càlcul de totes les instal·lacions de sanejament, fontaneria,&#xd;
electricitat, combustible, climatització, comunicacions, gasos medicinals i protecció contra&#xd;
incendis. Les instal·lacions seran calculades i dimensionades per a complir la normativa&#xd;
vigent municipal i nacional. El present projecte es dividirà en una memòria constructiva,&#xd;
plànols i pressupost. Els annexes del projecte són llistats de càlculs i taules utilitzades de&#xd;
totes les instal·lacions, el pla de prevenció i control de legionel·losi i justificació de la&#xd;
necessitat d’instal·lar un parallamps.</subfield>
   </datafield>
   <datafield tag="653" ind2=" " ind1=" ">
      <subfield code="a">Àrees temàtiques de la UPC::Edificació::Instal·lacions i acondicionament d'edificis</subfield>
   </datafield>
   <datafield tag="653" ind2=" " ind1=" ">
      <subfield code="a">Building fittings</subfield>
   </datafield>
   <datafield tag="653" ind2=" " ind1=" ">
      <subfield code="a">Hospital buildings</subfield>
   </datafield>
   <datafield tag="653" ind2=" " ind1=" ">
      <subfield code="a">Edificis -- Instal·lacions</subfield>
   </datafield>
   <datafield tag="653" ind2=" " ind1=" ">
      <subfield code="a">Hospitals -- Instal·lacions</subfield>
   </datafield>
   <datafield ind2="0" ind1="0" tag="245">
      <subfield code="a">Projecte executiu d’instal·lacions de l’Hospital Psicogeriàtric de Mallorca</subfield>
   </datafield>
</record></metadata></record></GetRecord></OAI-PMH>